Brooklyn Nets NBA Finals Starters - Statistics

General Stats
  • This quiz has been taken 297 times
  • The average score is 4 of 7
Answer Stats
Finals Players % Correct
2002, 2003 Jason Kidd
100%
2002, 2003 Kenyon Martin
65%
2003 Richard Jefferson
61%
2002, 2003 Kerry Kittles
46%
2002 Keith Van Horn
42%
2003 Jason Collins
29%
2002 Todd MacCulloch
15%
No matching quizzes found
Score Distribution
Percent of People with Each Score
Percentile by Number Answered
Your Score History
You have not taken this quiz